YOGA ASANA FOR EVERYONE (Record no. 12201)

MARC details
000 -LEADER
fixed length control field 00302nam a22001457a 4500
003 - CONTROL NUMBER IDENTIFIER
control field SGT
082 ## - DEWEY DECIMAL CLASSIFICATION NUMBER
Classification number 370
Item number Y92K
100 ## - MAIN ENTRY--PERSONAL NAME
Personal name KAUL, H.K.
245 ## - TITLE STATEMENT
Title YOGA ASANA FOR EVERYONE
250 ## - EDITION STATEMENT
Edition statement 1ST
260 ## - PUBLICATION, DISTRIBUTION, ETC. (IMPRINT)
Place of publication, distribution, etc NEW DELHI
Name of publisher, distributor, etc SURJEET PUB
Year of Publication 1992
300 ## - PAGE DESCRIPTION
No. of Pages 115
650 ## - SUBJECT ADDED ENTRY--TOPICAL TERM
Topical term or geographic name as entry element EDUCATION
942 ## - ADDED ENTRY ELEMENTS (KOHA)
Source of classification or shelving scheme Dewey Decimal Classification
Koha item type Books
942 ## - ADDED ENTRY ELEMENTS (KOHA)
-- 1
Holdings
Withdrawn status Lost status Source of classification or shelving scheme Damaged status Not for loan Collection code Home library Current library Shelving location Date acquired Vendor Name Cost, normal purchase price SGTU Bill Number Full call number Accession No. (Barcode) Date last seen Bill Date Koha item type Total Checkouts Date last borrowed
    Dewey Decimal Classification     EDUCATION SGT Engineering Library SGT Engineering Library Text Book 05/07/2017 INDIAN PUB 595.00 SGTU 101/102 370 Y92K ED2281 05/07/2017 22/11/2016 Books    
    Dewey Decimal Classification     EDUCATION SGT Engineering Library SGT Engineering Library Text Book 05/07/2017 INDIAN PUB 595.00 SGTU 101/102 370 Y92K ED2282 21/10/2024 22/11/2016 Books 1 09/10/2024
    Dewey Decimal Classification     EDUCATION SGT Engineering Library SGT Engineering Library Text Book 05/07/2017 INDIAN PUB 595.00 SGTU 101/102 370 Y92K ED2283 05/07/2017 22/11/2016 Books    
    Dewey Decimal Classification     EDUCATION SGT Engineering Library SGT Engineering Library Text Book 05/07/2017 INDIAN PUB 595.00 SGTU 101/102 370 Y92K ED2284 05/07/2017 22/11/2016 Books    
    Dewey Decimal Classification     EDUCATION SGT Engineering Library SGT Engineering Library Text Book 05/07/2017 INDIAN PUB 595.00 SGTU 101/102 370 Y92K ED2285 05/07/2017 22/11/2016 Books